000 00784nam a2200205 a 4500
001 000029373
005 20240710133236.0
008 110415s2010 dr 000 | spa d
020 _a9789945423181
040 _aDO-SdBNP
_bspa
_cBNPHU
082 _axxx
_bB876ó
100 1 _aBrouwer, Wilhelm
_956253
245 1 0 _aMi opinión /
_cWilhelm Brouwer ; presentación de Justo Pedro Castellanos K. ; prólogo de Juan Francisco Puello Herrera.
260 _aSanto Domingo :
_bUniversidad APEC,
_c2010.
300 _a96 p. ;
_c22 cm.
490 1 _aUNAPEC por un mundo mejor. Artículos
_x20781660
_v1
700 1 _aCastellanos, Justo Pedro,
_d1961-
_epresent.
_971189
700 1 _aPuello Herrera, Juan Francisco,
_epról.
_933659
830 0 _aUNAPEC por un mundo mejor. Artículos ;
_v1
_956254
999 _c28865
_d28865